[Event "PRO League Group Stage"]
[Site "chess.com INT"]
[Date "2018.02.24"]
[Round "7"]
[White "Hansen, Eric"]
[Black "Pruijssers, Roeland"]
[Result "1-0"]
[WhiteElo "2629"]
[BlackElo "2536"]
[PlyCount "127"]
[GameId "2130307623112763"]
[EventDate "2018.01.18"]
[EventType "team"]
[EventRounds "9"]
[EventCountry "USA"]
[SourceTitle "The Week in Chess 1216"]
[Source "Mark Crowther"]
[SourceDate "2018.02.26"]
[SourceVersion "1"]
[SourceVersionDate "2018.02.26"]
[SourceQuality "2"]
[WhiteTeam "Montreal Chessbrahs"]
[BlackTeam "Oslo Trolls"]

1. e4 d5 2. exd5 Qxd5 3. Nc3 Qa5 4. Bc4 Nf6 5. d3 Bg4 6. Nge2 Nbd7 7. h3 Bf5 8. O-O e6 9. Nd4 Bg6 10. Nb3 Qh5 11. Qxh5 Bxh5 12. Nb5 Kd8 13. a4 Nb6 14. Re1 a6 15. N5d4 Bd6 16. Na5 Kc8 17. Bd2 Rd8 18. Bb3 Bc5 19. Ne2 Ne4 20. Be3 Bb4 21. dxe4 Bxa5 22. c3 Nd7 23. Nf4 Bg6 24. Nxg6 hxg6 25. Bg5 Rh8 26. Rad1 c6 27. Rd2 Bc7 28. Red1 Nc5 29. Bc2 a5 30. Be7 b6 31. Bg5 e5 32. Kf1 Ne6 33. Be3 Rd8 34. Bb3 Rxd2 35. Rxd2 Ra7 36. g3 Rb7 37. Ke2 Bb8 38. Bc4 b5 39. axb5 cxb5 40. Bd5 Rd7 41. Rd1 Nd8 42. c4 b4 43. Ra1 Bc7 44. c5 Re7 45. Kd3 Kd7 46. Kc4 Nc6 47. Rd1 Nd4 48. f4 f6 49. Bxd4 exd4 50. Rxd4 Kc8 51. h4 g5 52. hxg5 fxg5 53. e5 gxf4 54. gxf4 g5 55. fxg5 Bxe5 56. Rd2 Kc7 57. g6 Bg7 58. Rf2 Kd7 59. b3 Kc7 60. Kb5 Bd4 61. Rf7 Rxf7 62. gxf7 Bg7 63. Kxa5 Bf8 64. Kxb4 1-0

[Event "ESP-Tch Div 1"]
[Site "Linares ESP"]
[Date "2017.08.14"]
[Round "1.4"]
[White "Hansen, Eric"]
[Black "Adla, Diego Gustavo"]
[Result "1/2-1/2"]
[WhiteElo "2614"]
[BlackElo "2394"]
[PlyCount "79"]
[GameId "2130307629336591"]
[EventDate "2017.08.14"]
[EventType "team"]
[EventRounds "7"]
[EventCountry "ESP"]
[SourceTitle "10 Days #517"]
[Source "Chess Mix"]
[SourceDate "2017.09.01"]
[SourceVersion "1"]
[SourceVersionDate "2017.09.01"]
[SourceQuality "1"]
[WhiteTeam "C.A. Real Oviedo"]
[BlackTeam "Stadium Casablanca"]

1. e4 e6 2. d4 d5 3. Nc3 Nf6 4. Bg5 Bb4 5. e5 h6 6. Bc1 Nfd7 7. Qg4 Kf8 8. Nf3 b6 9. a3 Bxc3+ 10. bxc3 Ba6 11. Bd3 Qc8 12. O-O c5 13. h4 Nc6 14. a4 Kg8 15. h5 cxd4 16. cxd4 f5 17. exf6 Nxf6 18. Qh3 Bxd3 19. cxd3 Kh7 20. Re1 Re8 21. Ne5 Nxe5 22. dxe5 Nd7 23. d4 Qc2 24. Ba3 Rac8 25. Rec1 Qf5 26. Qxf5+ exf5 27. Bd6 Kg8 28. a5 Nf8 29. axb6 axb6 30. Bxf8 Kxf8 31. Kf1 Rxc1+ 32. Rxc1 Ra8 33. Ke2 Ra2+ 34. Ke3 f4+ 35. Kf3 Rd2 36. Rb1 Rxd4 37. Rxb6 Re4 38. Rb8+ Ke7 39. Rb7+ Kf8 40. Rb8+ 1/2-1/2

[Event "ESP-Tch Div 1"]
[Site "Linares ESP"]
[Date "2017.08.15"]
[Round "2.1"]
[White "Hansen, Eric"]
[Black "Antipov, Mikhail Al"]
[Result "1-0"]
[WhiteElo "2614"]
[BlackElo "2580"]
[PlyCount "81"]
[GameId "2130307629336593"]
[EventDate "2017.08.14"]
[EventType "team"]
[EventRounds "7"]
[EventCountry "ESP"]
[SourceTitle "10 Days #517"]
[Source "Chess Mix"]
[SourceDate "2017.09.01"]
[SourceVersion "1"]
[SourceVersionDate "2017.09.01"]
[SourceQuality "1"]
[WhiteTeam "C.A. Real Oviedo"]
[BlackTeam "Magic Extremadura"]

1. e4 e6 2. d4 d5 3. Nc3 c6 4. Nf3 Bb4 5. e5 b6 6. Bd3 Ba6 7. O-O Bxd3 8. Qxd3 Bxc3 9. bxc3 Ne7 10. Ba3 h6 11. Nh4 c5 12. f4 g6 13. dxc5 Nd7 14. cxb6 axb6 15. Bb4 Nc5 16. Qb5+ Kf8 17. a4 Kg7 18. a5 Ne4 19. axb6 Rb8 20. Ra6 Nc8 21. b7 Qxh4 22. Rxe6 Na7 23. Rxg6+ Kxg6 24. Qxd5 Nd2 25. f5+ Kg7 26. f6+ Kg6 27. Qd3+ Ne4 28. g3 Qg4 29. Rf4 Qxf4 30. gxf4 Kf5 31. Qa6 Kxf4 32. Kf1 Kf3 33. Bd6 Rbg8 34. Qd3+ Kf4 35. e6+ Nxd6 36. Qxd6+ Kf5 37. exf7 Rb8 38. c4 Kg6 39. Qb6 Nc8 40. Qg1+ Kxf6 41. Qd4+ 1-0

[Event "ESP-Tch Div 1"]
[Site "Linares ESP"]
[Date "2017.08.16"]
[Round "3.2"]
[White "Vazquez Igarza, Renier"]
[Black "Hansen, Eric"]
[Result "1/2-1/2"]
[WhiteElo "2574"]
[BlackElo "2614"]
[PlyCount "60"]
[GameId "2130307629340714"]
[EventDate "2017.08.14"]
[EventType "team"]
[EventRounds "7"]
[EventCountry "ESP"]
[SourceTitle "10 Days #517"]
[Source "Chess Mix"]
[SourceDate "2017.09.01"]
[SourceVersion "1"]
[SourceVersionDate "2017.09.01"]
[SourceQuality "1"]
[WhiteTeam "Collado Villalba"]
[BlackTeam "C.A. Real Oviedo"]

1. Nf3 Nf6 2. c4 g6 3. Nc3 d5 4. cxd5 Nxd5 5. e4 Nxc3 6. bxc3 Bg7 7. d4 c5 8. Rb1 O-O 9. Be2 cxd4 10. cxd4 Qa5+ 11. Bd2 Qxa2 12. O-O Bg4 13. Bg5 h6 14. Be3 Nc6 15. d5 Bxf3 16. Bxf3 Ne5 17. Rxb7 a5 18. Rxe7 a4 19. Bd4 Nxf3+ 20. gxf3 Bxd4 21. Qxd4 Qe2 22. Kg2 a3 23. Ra1 a2 24. d6 Rab8 25. Rc7 Rb3 26. Rc3 Qb2 27. Rc4 Qe2 28. Rc3 Qb2 29. Rc4 Qe2 30. Rc3 Qb2 1/2-1/2

[Event "ESP-Tch Div 1"]
[Site "Linares ESP"]
[Date "2017.08.17"]
[Round "4.3"]
[White "Hansen, Eric"]
[Black "Oliva Castaneda, Kevel"]
[Result "1-0"]
[WhiteElo "2614"]
[BlackElo "2497"]
[PlyCount "78"]
[GameId "2130307629340736"]
[EventDate "2017.08.14"]
[EventType "team"]
[EventRounds "7"]
[EventCountry "ESP"]
[SourceTitle "10 Days #517"]
[Source "Chess Mix"]
[SourceDate "2017.09.01"]
[SourceVersion "1"]
[SourceVersionDate "2017.09.01"]
[SourceQuality "1"]
[WhiteTeam "C.A. Real Oviedo"]
[BlackTeam "C.A. Silla Lopez Instalaciones"]

1. e4 c5 2. Nf3 e6 3. d4 cxd4 4. Nxd4 Nc6 5. Nc3 Qc7 6. Be3 a6 7. Be2 b5 8. O-O Bb7 9. Nb3 Nf6 10. Nc5 Bc8 11. f4 d6 12. Nb3 Be7 13. a3 Bb7 14. Bf3 Rc8 15. Qe2 O-O 16. Rad1 Rfe8 17. g4 Nd7 18. g5 Bf8 19. h4 g6 20. h5 Bg7 21. hxg6 hxg6 22. Kg2 b4 23. axb4 Nxb4 24. Rh1 d5 25. e5 Nc6 26. Qf2 Na5 27. Nd4 Nc4 28. Bc1 Qb6 29. Nce2 Qc5 30. Rh3 a5 31. Rdh1 Ndxe5 32. fxe5 Nxe5 33. Rh7 Nxf3 34. Qxf3 Qe7 35. Qh3 f5 36. gxf6 Qxf6 37. Bh6 Re7 38. Bxg7 Qg5+ 39. Kh2 Qe3 1-0

[Event "ESP-Tch Div 1"]
[Site "Linares ESP"]
[Date "2017.08.18"]
[Round "5.4"]
[White "Cordova, Emilio"]
[Black "Hansen, Eric"]
[Result "0-1"]
[WhiteElo "2629"]
[BlackElo "2614"]
[PlyCount "168"]
[GameId "2130307629340757"]
[EventDate "2017.08.14"]
[EventType "team"]
[EventRounds "7"]
[EventCountry "ESP"]
[SourceTitle "10 Days #517"]
[Source "Chess Mix"]
[SourceDate "2017.09.01"]
[SourceVersion "1"]
[SourceVersionDate "2017.09.01"]
[SourceQuality "1"]
[WhiteTeam "Oromana Schneider Electric"]
[BlackTeam "C.A. Real Oviedo"]

1. Nf3 Nf6 2. c4 g6 3. b3 Bg7 4. Bb2 c5 5. g3 b6 6. Bg2 Bb7 7. O-O d6 8. d4 cxd4 9. Qxd4 Nbd7 10. Rd1 O-O 11. Qc3 Rc8 12. Qe1 Rc7 13. Nc3 Qa8 14. a4 Nc5 15. a5 bxa5 16. Rxa5 Nxb3 17. Ra3 Nc5 18. Nb5 Rd7 19. Bh3 Rdd8 20. Rxa7 Qb8 21. Bc3 e6 22. Bb4 Nfe4 23. Bg2 Ba6 24. Rxa6 Nxa6 25. Ba3 Nac5 26. Nfd4 Qb6 27. Bb4 Rc8 28. e3 d5 29. cxd5 exd5 30. Ba5 Qb7 31. f3 Bxd4 32. Nxd4 Nd6 33. Bc3 Rfe8 34. g4 Qe7 35. Bf1 Qxe3+ 36. Qxe3 Rxe3 37. Bb4 Nc4 38. Kf2 Ree8 39. Ra1 Ne6 40. Rd1 Nxd4 41. Rxd4 Ne3 42. Bd2 Nxf1 43. Kxf1 f6 44. Rxd5 Red8 45. Rxd8+ Rxd8 46. Ke2 Kf7 47. Bf4 Ke6 48. Ke3 Ra8 49. Bg3 Ra3+ 50. Ke4 Ra4+ 51. Ke3 Kd5 52. Bc7 Ra3+ 53. Ke2 Rc3 54. Bb8 Rc8 55. Bg3 Kd4 56. Bf2+ Kc3 57. Bb6 Re8+ 58. Kf1 Kd3 59. h4 Rb8 60. Bc5 Rb5 61. Ba7 Rb1+ 62. Kf2 Rh1 63. Bb6 Rxh4 64. Bd8 Rh2+ 65. Kg3 Rd2 66. Bxf6 Ke2 67. f4 Rd3+ 68. Kh4 Kf3 69. Kg5 Rd5+ 70. f5 Ke4 71. Bg7 gxf5 72. gxf5 Rxf5+ 73. Kh6 Rf7 74. Kxh7 Kf5 75. Kh6 Rb7 76. Bd4 Rd7 77. Be3 Rd6+ 78. Kg7 Rf6 79. Bd2 Rg6+ 80. Kh7 Kf6 81. Be3 Kf7 82. Ba7 Ra6 83. Bb8 Ra8 84. Bd6 Ra1 0-1

[Event "ESP-Tch Div 1"]
[Site "Linares ESP"]
[Date "2017.08.20"]
[Round "7.2"]
[White "Tejedor Fuentes, Enrique"]
[Black "Hansen, Eric"]
[Result "0-1"]
[WhiteElo "2361"]
[BlackElo "2614"]
[PlyCount "84"]
[GameId "2130307629344881"]
[EventDate "2017.08.14"]
[EventType "team"]
[EventRounds "7"]
[EventCountry "ESP"]
[SourceTitle "10 Days #517"]
[Source "Chess Mix"]
[SourceDate "2017.09.01"]
[SourceVersion "1"]
[SourceVersionDate "2017.09.01"]
[SourceQuality "1"]
[WhiteTeam "C.A. Solvay B"]
[BlackTeam "C.A. Real Oviedo"]

1. e4 d6 2. d4 g6 3. Nc3 Bg7 4. Be3 a6 5. a4 b6 6. Bc4 e6 7. Nge2 Bb7 8. O-O Nf6 9. f3 O-O 10. Qd2 d5 11. exd5 exd5 12. Ba2 Nc6 13. Nf4 Nb4 14. Bb3 Re8 15. a5 Qd6 16. Nh3 Nc6 17. Bf4 Qd7 18. axb6 cxb6 19. Na4 Qd8 20. c3 Na5 21. Bc2 Nc4 22. Qf2 Bc8 23. b3 Nd6 24. g4 h5 25. Qg3 hxg4 26. fxg4 Nfe4 27. Qf3 Be6 28. Bxd6 Qxd6 29. Bxe4 dxe4 30. Qd1 e3 31. Nf4 Bd5 32. Qe2 Bxb3 33. Rf3 Re4 34. Ng2 Rae8 35. Qxa6 e2 36. Re1 Bxd4+ 37. Kh1 Bd5 38. cxd4 Rxd4 39. Qb5 Re5 40. Rxe2 Bxf3 41. Qxe5 Qxe5 42. Rxe5 Rd1+ 0-1

[Event "Tal mem. Rapid"]
[Site "Jurmala LAT"]
[Date "2017.03.04"]
[Round "2.6"]
[White "Hansen, Eric"]
[Black "Bjerre, Jonas"]
[Result "1-0"]
[WhiteElo "2616"]
[BlackElo "2340"]
[PlyCount "157"]
[GameId "2130307635378494"]
[EventDate "2017.03.04"]
[EventType "swiss (rapid)"]
[EventRounds "9"]
[EventCountry "LAT"]
[SourceTitle "10 Days #500"]
[Source "Chess Mix"]
[SourceDate "2017.03.10"]
[SourceVersion "1"]
[SourceVersionDate "2017.03.10"]
[SourceQuality "1"]

1. e4 c5 2. Nf3 d6 3. Bb5+ Nd7 4. c3 Ngf6 5. Qe2 a6 6. Ba4 b5 7. Bc2 e5 8. O-O g6 9. d4 Bg7 10. dxe5 dxe5 11. a4 Rb8 12. b3 O-O 13. Na3 Qb6 14. Bd3 c4 15. bxc4 bxa4 16. Nc2 a5 17. Rxa4 Nc5 18. Be3 Qc7 19. Bxc5 Qxc5 20. Rfa1 Ra8 21. Qe3 Qc7 22. Na3 Bd7 23. Nb5 Bxb5 24. cxb5 Qxc3 25. R1a3 Qc7 26. b6 Qb7 27. Rxa5 Ng4 28. Qe1 Rad8 29. h3 Nf6 30. Qb4 Nd7 31. Rb5 Ra8 32. Rxa8 Rxa8 33. Qd6 Bf8 34. Qd5 Qxd5 35. exd5 Rb8 36. b7 Nc5 37. Nxe5 Rxb7 38. Rxb7 Nxb7 39. f4 Bc5+ 40. Kf1 Nd6 41. Ke2 f6 42. Nc6 Kf7 43. Kf3 Ke8 44. h4 Kf7 45. Nd8+ Ke7 46. Ne6 Bb4 47. g3 Ba3 48. h5 Kf7 49. g4 Bb2 50. h6 Bc3 51. Ke3 Bb2 52. Kd2 f5 53. g5 Ba3 54. Kc2 Bb4 55. Kb3 Ba5 56. Ka4 Bb6 57. Kb4 Ke7 58. Bb5 Kf7 59. Bd3 Ke7 60. Kc3 Kf7 61. Bc2 Ke7 62. Nd4 Kf7 63. Kd3 Bc5 64. Nc6 Bb6 65. Ne5+ Kg8 66. Nd7 Ba7 67. Nf6+ Kh8 68. Ba4 Bb6 69. Bd7 Bd8 70. Be6 Be7 71. Kd4 Bd8 72. Kc5 Bxf6 73. gxf6 Ne4+ 74. Kc6 Nxf6 75. d6 Nd7 76. Kxd7 g5 77. Ke7 g4 78. d7 g3 79. d8=Q# 1-0

[Event "Tal mem. Rapid"]
[Site "Jurmala LAT"]
[Date "2017.03.05"]
[Round "9.4"]
[White "Hansen, Eric"]
[Black "Vavulin, Maksim"]
[Result "1-0"]
[WhiteElo "2616"]
[BlackElo "2604"]
[PlyCount "71"]
[GameId "2130307635378532"]
[EventDate "2017.03.04"]
[EventType "swiss (rapid)"]
[EventRounds "9"]
[EventCountry "LAT"]
[SourceTitle "10 Days #500"]
[Source "Chess Mix"]
[SourceDate "2017.03.10"]
[SourceVersion "1"]
[SourceVersionDate "2017.03.10"]
[SourceQuality "1"]

1. e4 e5 2. Nf3 Nc6 3. Bb5 a6 4. Ba4 d6 5. O-O Nge7 6. c3 Bd7 7. d4 Ng6 8. Be3 Be7 9. Nbd2 O-O 10. Re1 Kh8 11. Bc2 Bf6 12. Rc1 Qe7 13. h3 Rae8 14. a3 a5 15. d5 Nd8 16. b4 axb4 17. cxb4 c6 18. dxc6 bxc6 19. Nc4 Nb7 20. Nb6 Qd8 21. a4 Be6 22. a5 c5 23. Ba4 Nh4 24. Bxe8 Nxf3+ 25. Qxf3 Rxe8 26. bxc5 dxc5 27. Red1 Qc7 28. Bd2 Rd8 29. Bc3 h6 30. Rxd8+ Qxd8 31. Rd1 Qc7 32. Qe2 c4 33. Nd5 Bxd5 34. Rxd5 Qc6 35. Qb2 Kh7 36. Qb6 1-0

[Event "Tal mem. Rapid"]
[Site "Jurmala LAT"]
[Date "2017.03.05"]
[Round "11.4"]
[White "Hansen, Eric"]
[Black "Bok, Benjamin"]
[Result "0-1"]
[WhiteElo "2616"]
[BlackElo "2596"]
[PlyCount "74"]
[GameId "2130307635378543"]
[EventDate "2017.03.04"]
[EventType "swiss (rapid)"]
[EventRounds "9"]
[EventCountry "LAT"]
[SourceTitle "10 Days #500"]
[Source "Chess Mix"]
[SourceDate "2017.03.10"]
[SourceVersion "1"]
[SourceVersionDate "2017.03.10"]
[SourceQuality "1"]

1. e4 c5 2. Nf3 d6 3. Bb5+ Nd7 4. c3 Ngf6 5. Bd3 e6 6. Bc2 c4 7. Qe2 Qc7 8. Na3 d5 9. exd5 Bxa3 10. dxe6 O-O 11. exd7 Bxd7 12. O-O Bd6 13. d4 Bg4 14. h3 Rae8 15. Qd1 Bh5 16. Bf5 Qa5 17. g4 Bg6 18. Nh4 Bb8 19. Qf3 Qc7 20. Qg2 Re2 21. Bg5 Nd5 22. Rae1 Rxb2 23. Bxg6 hxg6 24. Nxg6 Qh2+ 25. Qxh2 Bxh2+ 26. Kxh2 fxg6 27. Re5 Nxc3 28. d5 Rfxf2+ 29. Rxf2 Rxf2+ 30. Kg3 Re2 31. Rxe2 Nxe2+ 32. Kf3 Nd4+ 33. Kf4 Kf7 34. a4 c3 35. Ke4 Nb3 36. Kd3 Nc5+ 37. Kxc3 Ne4+ 0-1

[Event "PRO League KO Stage"]
[Site "chess.com INT"]
[Date "2017.03.08"]
[Round "2"]
[White "Bykhovsky, Anatoly"]
[Black "Hansen, Eric"]
[Result "1-0"]
[WhiteElo "2496"]
[BlackElo "2616"]
[PlyCount "93"]
[GameId "2130307635420294"]
[EventDate "2017.03.01"]
[EventType "k.o."]
[EventRounds "5"]
[EventCountry "USA"]
[SourceTitle "The Week in Chess 1166"]
[Source "Mark Crowther"]
[SourceDate "2017.03.13"]
[SourceVersion "1"]
[SourceVersionDate "2017.03.13"]
[SourceQuality "2"]
[WhiteTeam "Montclair Sopranos"]
[BlackTeam "Montreal ChessBrahs"]

1. d4 Nf6 2. c4 g6 3. Nc3 d5 4. Nf3 Bg7 5. cxd5 Nxd5 6. e4 Nxc3 7. bxc3 c5 8. Rb1 O-O 9. Be2 b6 10. O-O Bb7 11. d5 Bxc3 12. Bc4 Nd7 13. Bh6 Bg7 14. Bxg7 Kxg7 15. Re1 f6 16. e5 b5 17. exf6+ exf6 18. Bxb5 Nb6 19. d6 Rf7 20. Re8 Qxe8 21. Bxe8 Rxe8 22. h4 h5 23. a4 Rd8 24. a5 Nc4 25. Qc1 Nxd6 26. Qxc5 Bxf3 27. gxf3 Nf5 28. a6 Rdd7 29. Qc8 Nd6 30. Qc6 Nf5 31. Rb7 Rde7 32. Rb4 Re1+ 33. Kh2 Re2 34. Kg2 Ne3+ 35. Kg1 Nf5 36. Qc8 Re1+ 37. Kg2 Nd6 38. Qc5 Nf5 39. Rb7 Ree7 40. Qxa7 Nxh4+ 41. Kh3 Nf5 42. Rxe7 Rxe7 43. Qb8 Re1 44. a7 Rh1+ 45. Kg2 Ra1 46. a8=Q Nh4+ 47. Kh3 1-0

[Event "PRO League KO Stage"]
[Site "chess.com INT"]
[Date "2017.03.15"]
[Round "3"]
[White "Hansen, Eric"]
[Black "Perez Ponsa, Federico"]
[Result "1/2-1/2"]
[WhiteElo "2616"]
[BlackElo "2577"]
[PlyCount "83"]
[GameId "2130307635424468"]
[EventDate "2017.03.01"]
[EventType "k.o."]
[EventRounds "5"]
[EventCountry "USA"]
[SourceTitle "The Week in Chess 1167"]
[Source "Mark Crowther"]
[SourceDate "2017.03.20"]
[SourceVersion "1"]
[SourceVersionDate "2017.03.20"]
[SourceQuality "2"]
[WhiteTeam "Montreal ChessBrahs"]
[BlackTeam "Buenos Aires Krakens"]

1. e4 d6 2. d4 g6 3. Nc3 a6 4. Be3 Bg7 5. Qd2 b5 6. h4 h6 7. f3 Nd7 8. Nge2 Bb7 9. d5 c5 10. dxc6 Bxc6 11. Nd4 Bb7 12. h5 g5 13. Nf5 Be5 14. O-O-O Ngf6 15. Kb1 Rc8 16. Bd4 Qc7 17. Bxe5 Nxe5 18. Bxb5+ axb5 19. Nxb5 Qb6 20. Nbxd6+ exd6 21. Nxd6+ Kf8 22. Nxc8 Bxc8 23. Qc3 Qe6 24. Rd8+ Kg7 25. Rxh8 Kxh8 26. Rd1 Kg7 27. b3 Bb7 28. Qc7 Bxe4 29. fxe4 Nxe4 30. a4 Ng4 31. Rd4 Ngf2 32. a5 Qf6 33. Qc4 Nd6 34. Qb4 Nb5 35. Rc4 Nd1 36. Kc1 Ndc3 37. Rxc3 Nxc3 38. Qc4 Na2+ 39. Kb1 Nc3+ 40. Kc1 Na2+ 41. Kb1 Nc3+ 42. Kc1 1/2-1/2

[Event "PRO League KO Stage"]
[Site "chess.com INT"]
[Date "2017.03.25"]
[Round "4.1"]
[White "Finegold, Benjamin"]
[Black "Hansen, Eric"]
[Result "1/2-1/2"]
[WhiteElo "2481"]
[BlackElo "2616"]
[PlyCount "134"]
[GameId "2130307635428590"]
[EventDate "2017.03.01"]
[EventType "k.o."]
[EventRounds "5"]
[EventCountry "USA"]
[SourceTitle "The Week in Chess 1168"]
[Source "Mark Crowther"]
[SourceDate "2017.03.27"]
[SourceVersion "1"]
[SourceVersionDate "2017.03.27"]
[SourceQuality "2"]
[WhiteTeam "St Louis Arch Bishops"]
[BlackTeam "Montreal ChessBrahs"]

1. d4 Nf6 2. c4 e6 3. Nc3 Bb4 4. Qc2 O-O 5. Nf3 d6 6. Bd2 Nbd7 7. a3 Bxc3 8. Bxc3 Qe7 9. e4 e5 10. d5 a5 11. b4 axb4 12. axb4 Rxa1+ 13. Bxa1 Ng4 14. h3 Nh6 15. g4 f6 16. Be2 Nf7 17. Rg1 Ng5 18. Rg3 Re8 19. h4 Nf7 20. Bb2 Nf8 21. h5 Bd7 22. Kf1 Ra8 23. Kg2 g6 24. Bc1 b6 25. Be3 Qe8 26. Nh4 Ng5 27. c5 bxc5 28. bxc5 Ba4 29. Qc4 Rb8 30. hxg6 Bb5 31. gxh7+ Nfxh7 32. Qc2 Bxe2 33. Qxe2 Nxe4 34. Rh3 Qf7 35. Nf5 Kh8 36. Bh6 Neg5 37. Bg7+ Qxg7 38. Nxg7 Nxh3 39. Kxh3 Kxg7 40. Qa6 Ng5+ 41. Kg2 Rb4 42. Qa7 Rxg4+ 43. Kf1 dxc5 44. Qxc7+ Nf7 45. Qxc5 Rd4 46. Kg2 Kg6 47. Qf8 Ng5 48. d6 Ne6 49. Qe8+ Kf5 50. d7 e4 51. Qh5+ Kf4 52. Qh3 Ke5 53. Qh7 Kd6 54. Qf7 Ke5 55. Qe7 Rd3 56. Qe8 Kf5 57. Qh5+ Kf4 58. Qb5 Kg4 59. Qc6 Kf5 60. Qb5+ Kg4 61. Qc6 Kf5 62. Kh2 Rd2 63. Qb5+ Kg4 64. Kg1 Rd3 65. Qc6 Kf5 66. Qb5+ Kg4 67. Qc6 Kf5 1/2-1/2

[Event "PRO League KO Stage"]
[Site "chess.com INT"]
[Date "2017.03.25"]
[Round "4.2"]
[White "Hansen, Eric"]
[Black "Rosenthal, Nicholas"]
[Result "1-0"]
[WhiteElo "2616"]
[BlackElo "2169"]
[PlyCount "83"]
[GameId "2130307635428599"]
[EventDate "2017.03.01"]
[EventType "k.o."]
[EventRounds "5"]
[EventCountry "USA"]
[SourceTitle "The Week in Chess 1168"]
[Source "Mark Crowther"]
[SourceDate "2017.03.27"]
[SourceVersion "1"]
[SourceVersionDate "2017.03.27"]
[SourceQuality "2"]
[WhiteTeam "Montreal ChessBrahs"]
[BlackTeam "St Louis Arch Bishops"]

1. e4 e6 2. d4 d5 3. Nc3 Nf6 4. Bg5 dxe4 5. Nxe4 Nbd7 6. Nf3 Be7 7. Nxf6+ Nxf6 8. Bc4 O-O 9. Qe2 a6 10. O-O-O b5 11. Bd3 Bb7 12. Ne5 Nd5 13. Bd2 Bg5 14. h4 Bxd2+ 15. Qxd2 c5 16. dxc5 Qc7 17. Rhe1 Rfc8 18. h5 Qxc5 19. h6 g6 20. Kb1 Rd8 21. Ng4 Rac8 22. g3 Qe7 23. Qe2 Qd6 24. Be4 f5 25. Nf6+ Kh8 26. Bxd5 Bxd5 27. Qe3 Rf8 28. Nxd5 exd5 29. Qd4+ Qf6 30. Qxd5 f4 31. g4 g5 32. Re6 Qf7 33. Qe5+ Kg8 34. Qxg5+ Kh8 35. Qe5+ Kg8 36. Qg5+ Kh8 37. Re7 Rfd8 38. Rxd8+ Rxd8 39. b3 Qg6 40. Qe5+ Kg8 41. Rg7+ Kf8 42. Qe7# 1-0

[Event "PRO League KO Stage"]
[Site "chess.com INT"]
[Date "2017.03.25"]
[Round "4.3"]
[White "Hansen, Eric"]
[Black "So, Wesley"]
[Result "0-1"]
[WhiteElo "2616"]
[BlackElo "2822"]
[PlyCount "80"]
[GameId "2130307635428604"]
[EventDate "2017.03.01"]
[EventType "k.o."]
[EventRounds "5"]
[EventCountry "USA"]
[SourceTitle "The Week in Chess 1168"]
[Source "Mark Crowther"]
[SourceDate "2017.03.27"]
[SourceVersion "1"]
[SourceVersionDate "2017.03.27"]
[SourceQuality "2"]
[WhiteTeam "Montreal ChessBrahs"]
[BlackTeam "St Louis Arch Bishops"]

1. e4 e6 2. d4 d5 3. Nc3 Bb4 4. e5 Ne7 5. a3 Bxc3+ 6. bxc3 c5 7. h4 Qc7 8. h5 h6 9. Nf3 b6 10. Bb5+ Bd7 11. Bd3 Ba4 12. Bd2 Nd7 13. O-O a6 14. Re1 Bb5 15. Bxb5 axb5 16. Qe2 O-O 17. Qxb5 Ra5 18. Qe2 Ra4 19. g4 Rfa8 20. Bc1 cxd4 21. cxd4 Rc4 22. Ra2 Nc6 23. c3 Rxc3 24. Bb2 Rc4 25. Raa1 Na5 26. Qd3 Rc8 27. Rac1 Qd8 28. Kg2 b5 29. Rb1 Nc6 30. Bc1 b4 31. Qd2 Qb6 32. Rd1 f6 33. exf6 Nxf6 34. Qe2 Ne4 35. axb4 e5 36. b5 Nxd4 37. Nxd4 exd4 38. Qd3 Qf6 39. Qf3 Qxf3+ 40. Kxf3 Rf8+ 0-1

[Event "PRO League KO Stage"]
[Site "chess.com INT"]
[Date "2017.03.25"]
[Round "4.4"]
[White "Akobian, Varuzhan"]
[Black "Hansen, Eric"]
[Result "1-0"]
[WhiteElo "2645"]
[BlackElo "2616"]
[PlyCount "147"]
[GameId "2130307635428608"]
[EventDate "2017.03.01"]
[EventType "k.o."]
[EventRounds "5"]
[EventCountry "USA"]
[SourceTitle "The Week in Chess 1168"]
[Source "Mark Crowther"]
[SourceDate "2017.03.27"]
[SourceVersion "1"]
[SourceVersionDate "2017.03.27"]
[SourceQuality "2"]
[WhiteTeam "St Louis Arch Bishops"]
[BlackTeam "Montreal ChessBrahs"]

1. d4 Nf6 2. c4 e6 3. Nf3 b6 4. g3 Bb4+ 5. Nbd2 O-O 6. Bg2 d5 7. O-O Bb7 8. cxd5 exd5 9. Ne5 Bd6 10. Ndc4 Be7 11. Ne3 Re8 12. Nf5 Bf8 13. Bg5 h6 14. Bxf6 Qxf6 15. Ne3 Qe6 16. Rc1 Na6 17. Qa4 c5 18. Nd3 cxd4 19. Qxd4 Bc5 20. Nxc5 bxc5 21. Qd2 Rad8 22. Rfd1 Qb6 23. b3 d4 24. Nc4 Qc7 25. Bxb7 Qxb7 26. Nb2 Nb4 27. Nd3 Nxd3 28. Qxd3 Re5 29. Rc2 Rde8 30. Rdc1 Qe7 31. Kf1 Qb7 32. Kg1 Qe7 33. Kf1 Qb7 34. Qf3 Qb5 35. h4 h5 36. Rc4 g6 37. R1c2 Rf5 38. Qd3 Ree5 39. Kg1 a5 40. a3 Kg7 41. b4 axb4 42. axb4 cxb4 43. Rb2 Qe8 44. Qxd4 Kh7 45. e3 Rf3 46. Rcxb4 f6 47. Rb7+ Re7 48. Qc5 Rg7 49. Rxg7+ Kxg7 50. Rb7+ Kh6 51. Qc7 Qh8 52. Qe7 Rf5 53. e4 Re5 54. Qb4 Qe8 55. Qd2+ g5 56. hxg5+ Rxg5 57. Qf4 Qe5 58. Qxe5 Rxe5 59. f3 f5 60. Rb6+ Kg7 61. exf5 Rxf5 62. Kg2 Ra5 63. Kh3 Ra4 64. f4 Ra5 65. Kh4 Kh7 66. Re6 Rf5 67. Re5 Rxe5 68. fxe5 Kg6 69. e6 Kf6 70. Kxh5 Kxe6 71. g4 Kf6 72. Kh6 Kf7 73. g5 Kg8 74. Kg6 1-0

[Event "PRO League KO Stage"]
[Site "chess.com INT"]
[Date "2017.03.25"]
[Round "4.5"]
[White "Hansen, Eric"]
[Black "Finegold, Benjamin"]
[Result "1-0"]
[WhiteElo "2616"]
[BlackElo "2481"]
[PlyCount "167"]
[GameId "2130307635428618"]
[EventDate "2017.03.01"]
[EventType "k.o."]
[EventRounds "5"]
[EventCountry "USA"]
[SourceTitle "The Week in Chess 1168"]
[Source "Mark Crowther"]
[SourceDate "2017.03.27"]
[SourceVersion "1"]
[SourceVersionDate "2017.03.27"]
[SourceQuality "2"]
[WhiteTeam "Montreal ChessBrahs"]
[BlackTeam "St Louis Arch Bishops"]

1. e4 c5 2. Nf3 Nc6 3. Bb5 e6 4. O-O Nge7 5. Re1 a6 6. Bf1 d5 7. d3 g6 8. exd5 Nxd5 9. d4 cxd4 10. Nxd4 Bg7 11. Nxc6 bxc6 12. c4 Ne7 13. Qxd8+ Kxd8 14. Rd1+ Kc7 15. Nc3 Nf5 16. Ne4 Bb7 17. Bf4+ e5 18. Bd2 a5 19. Bc3 Rhd8 20. Rxd8 Kxd8 21. Rd1+ Kc7 22. Nc5 Bc8 23. b3 Nd4 24. f4 Ne6 25. Nxe6+ Bxe6 26. Kf2 a4 27. b4 a3 28. Be2 f6 29. fxe5 fxe5 30. Kg3 Bf5 31. h4 Re8 32. h5 Bf8 33. hxg6 hxg6 34. c5 e4 35. Bc4 Re7 36. Bd2 Bg7 37. Bg5 Be5+ 38. Kf2 Re8 39. Rh1 Rf8 40. Rh7+ Kb8 41. Ke3 Bb2 42. Be7 Bc1+ 43. Ke2 Bg4+ 44. Ke1 Re8 45. Bd6+ Ka8 46. Ba6 Bc8 47. Bxc8 Rxc8 48. Re7 e3 49. Bf4 Bd2+ 50. Ke2 Bxb4 51. Bxe3 Rd8 52. Re4 Bc3 53. Ra4+ Kb7 54. Rxa3 Bf6 55. Rb3+ Kc7 56. Bf4+ Kd7 57. Rd3+ Kc8 58. Rxd8+ Kxd8 59. Kd3 Kc8 60. Ke4 Bd8 61. g3 Kd7 62. Ke5 Be7 63. Be3 Bd8 64. g4 Be7 65. a3 Bd8 66. a4 Be7 67. a5 Bd8 68. a6 Kc7 69. Ke6 Kb8 70. Kd7 Bh4 71. Kxc6 Ka7 72. Kd7 Kxa6 73. c6 Bg3 74. Bc5 Kb5 75. Bd6 Bh4 76. c7 Kc4 77. c8=Q+ Kd3 78. Qe8 Bf2 79. Qxg6+ Ke2 80. Qe4+ Kf1 81. g5 Bg3 82. Bxg3 Kg1 83. Qe2 Kh1 84. Qh2# 1-0